000 00206nam a2200085Ia 4500
008 120527s9999 xx 000 0 und d
100 _aCHIQUITO, Burgy
245 _aCaminos with action the manual
942 _cBK
999 _c25435
_d25435